Video Academy Vychutnávajte život, život sú emócie
Vznik, tržby a zisky spoločnosti Enjoy Emotions, s. r. o.. Startup pomáha vodcom v rôznych oblastiach šíriť ich hodnotné posolstvá do sveta vďaka on-line videu, aby mohli efektívnejšie meniť svet k lepšiemu.
Na minha lista:
| Autor principal: | |
|---|---|
| Formato: | Capítulo de Livro |
| Idioma: | eslovaco |
| Assuntos: | |
| Tags: |
Sem tags, seja o primeiro a adicionar uma tag!
|
MARC
| LEADER | 00000naa$a2200000$$$4500 | ||
|---|---|---|---|
| 001 | 0271417 | ||
| 005 | 20240502074254.5 | ||
| 041 | 0 | |a slo | |
| 044 | |a SK | ||
| 245 | 1 | 0 | |a Video Academy |b Vychutnávajte život, život sú emócie |c Natália Tarišková |
| 520 | |a Vznik, tržby a zisky spoločnosti Enjoy Emotions, s. r. o.. Startup pomáha vodcom v rôznych oblastiach šíriť ich hodnotné posolstvá do sveta vďaka on-line videu, aby mohli efektívnejšie meniť svet k lepšiemu. | ||
| 610 | 2 | 0 | |a start-up |
| 610 | 2 | 0 | |a produkty |
| 610 | 2 | 0 | |a služby |
| 610 | 2 | 0 | |a siete sociálne |
| 100 | 1 | |a Tarišková, Natália, 1973- | |